Operating systems and systems programming (Record no. 174703)
[ view plain ]
| 000 -LEADER | |
|---|---|
| fixed length control field | 00404nam a2200145Ia 4500 |
| 008 - FIXED-LENGTH DATA ELEMENTS--GENERAL INFORMATION | |
| fixed length control field | 231217s9999 xx 000 0 und d |
| 041 ## - LANGUAGE CODE | |
| Language code of text/sound track or separate title | English |
| 082 ## - DEWEY DECIMAL CLASSIFICATION NUMBER | |
| Classification number | 001.642 BAL1;1 R |
| 100 ## - MAIN ENTRY--PERSONAL NAME | |
| Personal name | Balakrishna Prasad, P |
| 245 #0 - TITLE STATEMENT | |
| Title | Operating systems and systems programming |
| 260 ## - PUBLICATION, DISTRIBUTION, ETC. | |
| Date of publication, distribution, etc. | 2004 |
| Name of publisher, distributor, etc. | Scientech |
| Place of publication, distribution, etc. | Chennai |
| 300 ## - PHYSICAL DESCRIPTION | |
| Extent | 17.10+40 |
| 650 ## - SUBJECT ADDED ENTRY--TOPICAL TERM | |
| Topical term or geographic name entry element | Operating,systems,systems,programming |
| 942 ## - ADDED ENTRY ELEMENTS (KOHA) | |
| Koha item type | Books |
| Date last seen | Total checkouts | Full call number | Accession number | Cost, total (INR) price | Price effective from | Category | Lost status | Damaged status | Department | Withdrawn status | Home library | Current library | Shelving location | Entry date | Vendor | Cost, normal purchase price | Grants | Billnumber | Billdate | Currency symbol | Conversion rate | Discount | Old discount | Date due | Date last checked out |
|---|---|---|---|---|---|---|---|---|---|---|---|---|---|---|---|---|---|---|---|---|---|---|---|---|---|
| 26/01/2024 | 001.642 BAL1;1 R | 34339 | 168.00 | 26/01/2024 | Books | Central Library | Central Library | Central Library | Central Library | 17/05/2005 | Sai Books | 210.00 | IS | 2005/INV/000034 | 25/11/2015 | RS | 1 | 42 | 20 | ||||||
| 26/01/2024 | 001.642 BAL1;2 R1 | 34340 | 168.00 | 26/01/2024 | Books | Central Library | Central Library | Central Library | Library Annex | 17/05/2005 | Sai Books | 210.00 | IS | 2005/INV/000034 | 08/09/2012 | RS | 1 | 42 | 20 | ||||||
| 01/04/2024 | 1 | 001.642 BAL1;3 | 34341 | 168.00 | 26/01/2024 | Books | Central Library | Central Library | Central Library | Central Library | 17/05/2005 | Sai Books | 210.00 | IS | 2005/INV/000034 | 26/11/2008 | RS | 1 | 42 | 20 | 25/06/2009 | 01/04/2024 |
